000 00662nam a22002177a 4500
003 OSt
005 20240617130124.0
008 240617b |||||||| |||| 00| 0 eng d
020 _a0071181512
040 _cmust
082 _26th ed.
_a515.2433 BRO 2001
100 _aBrown, James ward.
_qJames Ward Brown
_917361
245 _aFourier Series and Boundary Value problems/
_cJames Ward brown, Ruel V. Churchill
250 _a._6thed.
260 _aBoston:
_bMc Grawhill;
_c2001.
300 _axvi,344p.:
_bill.;
_c23cm.
504 _aIncludes index
600 _2fourier series
700 _aChurchill,Ruel V.
_qRuel V. Churchill.
_917362
942 _2ddc
_cO_SHELF
999 _c8555
_d8555